000 00909nam0a22002651 4500
001 rc\2773708
005 20250806204530.0
035 _a(NLR Aleph) 006900031
090 _a29311
_c29311
100 _a20110915d1941 u y0rusy50 ca
101 0 _arus
102 _aRU
105 _aa z |||||
200 1 _aИркутская область на Всесоюзной сельскохозяйственной выставке в 1940 г.
210 _aИркутск
_cИркут. обл. изд-во
_d1941
215 _a116 с.
_cил.
_d18 см.
300 _aПредисл.: С. Я. Новак, с. 3-4
700 1 _aСамарин
_bГ.А.
_gГеоргий Александрович
801 0 _aRU
_bNLR
_gpsbo
801 1 _aRU
_bELAR
_2rusmarc
852 _aNLR
_jС10 Г-3/6
942 _cBOOK
945 _aРоссийская национальная библиотека
980 _aNB
980 _aBV